000 00672nam a22002057a 4500
003 AM-YEHGA
005 20250617163723.0
008 210708b ||||| |||| 00| 0 rus d
040 _aAM-YeHGA
041 0 _arus
100 1 _aЖариков, Леонид.
245 1 0 _aШабля :
_bРассказ /
_cЛеонид.Жариков
260 _aСталино :
_bКн. изд-во,
_c1961.
300 _a27 с.,
_bил.
440 0 _aРассказ-газета;
_v№ 11
653 0 _aИностранная военная интервенция и гражданская война в СССР
942 _2udc
_cBK
001 1779083
090 _c515042
999 _c511543
_d511543